[Event "Clark Harmon Memorial"]
[Site "Chess.com INT"]
[Date "2020.04.05"]
[Round "?"]
[White "Szeto, Sophie"]
[Black "Vemparala, Nikash"]
[Result "1-0"]
[WhiteElo "1496"]
[BlackElo "1672"]
[PlyCount "61"]
[EventDate "2020.04.04"]
[EventType "swiss"]
[EventRounds "6"]
[EventCountry "USA"]
[SourceTitle "EXT 2024"]
[Source "ChessBase"]
[SourceDate "2023.10.10"]
[SourceVersion "1"]
[SourceVersionDate "2023.10.10"]
[SourceQuality "1"]

1. e4 e5 2. Nf3 Nc6 3. Bc4 Bc5 4. c3 Nf6 5. d4 exd4 6. cxd4 Bb4+ 7. Nc3 Nxe4 8. 0-0 Bxc3 9. d5 Ne7 10. bxc3 0-0 11. Qd4 Nf6 12. Bg5 Ng6 13. d6 cxd6 14. Qxd6 h6 15. Bxf6 Qxf6 16. Qxf6 gxf6 17. Rad1 Re8 18. Rd6 Kg7 19. Nd4 Ne5 20. Bb3 a6 21. Nf5+ Kg6 22. Nh4+ Kg7 23. Re1 Rf8 24. Nf5+ Kg6 25. Rxe5 Kg5 26. h4+ Kg6 27. Bc2 b6 28. Re3 Bb7 29. Rg3+ Kh7 30. Rxf6 Rg8 31. Rxh6# 1-0